| 000 | 01641nam0a2200337 4500 | ||
|---|---|---|---|
| 001 | RU\NLR\bibl\1755563 | ||
| 005 | 20260407093746.0 | ||
| 010 |
_a978-5-8021-1184-0 _9300 |
||
| 021 |
_aRU _b2011-20365 _91433 |
||
| 035 | _a(nilc)LIBNET\0000079203 | ||
| 035 | _a(NLR Aleph) 001746403 | ||
| 090 |
_a1491468 _c1491468 |
||
| 100 | _a20101101d2010 |||y0rusy50 ca | ||
| 101 | 0 | _arus | |
| 102 | _aRU | ||
| 105 | _ay ||||||||| | ||
| 200 | 1 |
_aИнформационно-справочное пособие по вопросам ведения предпринимательской деятельности для начинающих субъектов малого и среднего предпринимательства _fМ-во экон. развития Респ. Карелия _g[сост.: Петрусева Л. М. и др.] |
|
| 210 |
_aПетрозаводск _cИзд-во ПетрГУ _d2010 |
||
| 215 |
_a162, [1] с. _d20 |
||
| 606 | 1 |
_aПредпринимательство _jСправочники _yКарелия, Республика _92193831 _3RU\NLR\auth\661318620 |
|
| 686 |
_a65.290.31я79 _vLBC/M _2rubbk |
||
| 686 | _aУ9(2)-13(2Р-6Кар)я2 | ||
| 702 | 1 |
_aПетрусева _bЛ. М. _gЛилия Михайловна _4220 |
|
| 712 | 0 | 1 |
_4570 _aРеспублика Карелия _bМинистерство экономического развития _3RU\NLR\AUTH\8810051433 _9603179 |
| 801 | 0 |
_aRU _bНБР Карелия _c20101101 _grcr |
|
| 801 | 1 |
_aRU _bНБР Карелия _c20101101 _grcr _2rusmarc |
|
| 801 | 2 |
_aRU _bNLR _c20110406 _grcr |
|
| 942 | _cBOOK | ||
| 980 | _aNB | ||
| 980 | _aNBR | ||